| 000 | 00415cam a2200169ua 4500 | ||
|---|---|---|---|
| 003 | OSt | ||
| 008 | 250814b |||||||| |||| 00| 0 eng d | ||
| 020 | _a0412073501 | ||
| 041 | _aeng | ||
| 082 |
_a627.13 _bLEL/RI |
||
| 100 |
_aLeliavsky, Serge . _96525 |
||
| 245 | _aRiver and canal hydraulics / | ||
| 250 | _a1 / | ||
| 260 |
_a : _bOxford & IBH Publishing company , _c1979. |
||
| 300 | _a228 ; . | ||
| 942 | _cBK | ||
| 999 |
_c1570 _d1570 |
||